[Event "CAN-ch U20"]
[Site "Toronto"]
[Date "2019.08.11"]
[Round "7"]
[White "Ahmed, Syed Ibrahim"]
[Black "Joseph Benher, Savio"]
[Result "1/2-1/2"]
[WhiteElo "1815"]
[BlackElo "1668"]
[PlyCount "184"]
[EventDate "2019.08.08"]
[EventType "swiss"]
[EventRounds "8"]
[EventCountry "CAN"]
[SourceTitle "CBM 191 Extra"]
[Source "ChessBase"]
[SourceDate "2019.09.30"]
[SourceVersion "1"]
[SourceVersionDate "2019.09.30"]
[SourceQuality "1"]

1. d4 Nf6 2. c4 e6 3. g3 Bb4+ 4. Bd2 Be7 5. Bg2 d5 6. Nf3 0-0 7. Qc2 c6 8. 0-0 Nbd7 9. Na3 b6 10. Rac1 Bxa3 11. bxa3 Ba6 12. cxd5 cxd5 13. Bb4 Re8 14. Rfe1 Qb8 15. Bd2 Rc8 16. Qb2 Qb7 17. Qb4 Rxc1 18. Bxc1 Rc8 19. Bf4 Rc2 20. Nd2 Qc8 21. e4 Bb7 22. e5 Ne8 23. Bf1 Ba6 24. Bxa6 Qxa6 25. Qe7 Qc8 26. Nf3 Nb8 27. Qxa7 Nd7 28. Kg2 h6 29. Rb1 g5 30. Be3 f5 31. Ne1 Rc7 32. Qa4 Ng7 33. Nd3 Rc4 34. Qb5 f4 35. gxf4 g4 36. Rc1 Nf5 37. Rxc4 dxc4 38. Nb4 Qb7+ 39. Qc6 Qxc6+ 40. Nxc6 b5 41. Nb4 Nb6 42. h3 h5 43. hxg4 hxg4 44. Nc2 Nd5 45. Kf1 g3 46. Bc1 gxf2 47. Kxf2 Kf7 48. Kf3 Ke7 49. Bd2 c3 50. Be1 Kd7 51. Ke4 Kc7 52. Kd3 Nxf4+ 53. Kxc3 Ne2+ 54. Kd3 Nf4+ 55. Ke4 Nd5 56. Nb4 Nxb4 57. Bxb4 Ng3+ 58. Kd3 Nf5 59. Bc5 Kc6 60. Ke4 Ng3+ 61. Kd3 Kd5 62. Ba7 Ne4 63. Bb6 Ng3 64. Kc3 Nf5 65. Kb4 Kc6 66. Bc5 Ne3 67. a4 Nd5+ 68. Ka5 bxa4 69. Kxa4 Nc7 70. Kb4 Nd5+ 71. Kc4 Kb7 72. a4 Ka6 73. Bb4 Kb6 74. a5+ Kc6 75. Bc5 Nc7 76. Bb6 Nd5 77. Bd8 Kd7 78. Bg5 Kc6 79. a6 Kb6 80. a7 Kxa7 81. Kc5 Kb7 82. Kd6 Nc7 83. Kd7 Nb5 84. Be3 Nc7 85. Bg5 Nb5 86. d5 exd5 87. e6 Nc7 88. e7 d4 89. Bh4 d3 90. Bg5 d2 91. Bxd2 Nd5 92. e8Q Nf6+ 1/2-1/2

[Event "CAN-ch U20 U1800"]
[Site "Toronto"]
[Date "2018.08.10"]
[Round "5.13"]
[White "Ahmed, Syed Ibrahim"]
[Black "Hua, Michelle"]
[Result "1-0"]
[WhiteElo "1608"]
[BlackElo "1569"]
[PlyCount "73"]
[EventDate "2018.08.08"]
[EventType "swiss"]
[EventRounds "9"]
[EventCountry "CAN"]
[SourceTitle "EXT 2022"]
[Source "ChessBase"]
[SourceDate "2021.10.06"]
[SourceVersion "1"]
[SourceVersionDate "2021.10.06"]
[SourceQuality "1"]

1. c4 c5 2. Nc3 Nc6 3. g3 g6 4. Bg2 Bg7 5. e3 e6 6. Nge2 Nge7 7. d4 cxd4 8. Nxd4 Nxd4 9. exd4 0-0 10. 0-0 Nf5 11. d5 Qc7 12. Qd3 e5 13. Rb1 d6 14. b4 Bd7 15. Rd1 Rac8 16. c5 Rfd8 17. Ne4 Ba4 18. Re1 dxc5 19. bxc5 Nd4 20. Bg5 Bc2 21. Bxd8 Qxd8 22. Qa3 Bxb1 23. Rxb1 b6 24. c6 Qc7 25. d6 Qd8 26. c7 Qd7 27. Qxa7 f5 28. Bh3 Qc6 29. Qb8 Rf8 30. Qxb6 Qxe4 31. Bg2 Ne2+ 32. Kh1 Qg4 33. d7 f4 34. d8Q fxg3 35. Bd5+ Kh8 36. Qxf8+ Bxf8 37. Qf6+ 1-0

[Event "CAN-ch U14"]
[Site "Quebec"]
[Date "2018.07.02"]
[Round "3.34"]
[White "Zhao, Ian"]
[Black "Ahmed, Syed Ibrahim"]
[Result "1/2-1/2"]
[WhiteElo "2055"]
[BlackElo "1493"]
[PlyCount "72"]
[EventDate "2018.07.02"]
[EventType "swiss"]
[EventRounds "7"]
[EventCountry "CAN"]
[SourceTitle "EXT 2022"]
[Source "ChessBase"]
[SourceDate "2021.10.06"]
[SourceVersion "1"]
[SourceVersionDate "2021.10.06"]
[SourceQuality "1"]

1. e4 c6 2. d3 d5 3. Nd2 e5 4. Ngf3 Bd6 5. g3 Nf6 6. Bg2 Nbd7 7. 0-0 0-0 8. Re1 Re8 9. c3 Nc5 10. Qc2 b6 11. b4 Ncd7 12. a3 Bb7 13. Bb2 c5 14. exd5 Bxd5 15. c4 Bb7 16. b5 Qc7 17. a4 a6 18. bxa6 Rxa6 19. Nb1 e4 20. dxe4 Bxe4 21. Qb3 Ne5 22. Nxe5 Bxg2 23. Kxg2 Bxe5 24. Bxe5 Rxe5 25. Nc3 Ra8 26. Rab1 Rae8 27. Red1 Qc8 28. Qxb6 Rh5 29. h4 Rxh4 30. gxh4 Qg4+ 31. Kf1 Qh3+ 32. Kg1 Qg4+ 33. Kf1 Qh3+ 34. Kg1 Qg4+ 35. Kf1 Qh3+ 36. Kg1 Qg4+ 1/2-1/2